Statistics for Polytopia Units Quiz

Click here to take the quiz!

General Stats

  • This quiz has been taken 64 times
  • The average score is 19 of 33

Answer Stats

Acquisition CostTroop Name% Correct
15 StarsBattleship
93%
City Upgrade RewardGiant
93%
10 StarsKnight
93%
Movement into a portBoat
90%
3 StarsRider
90%
5 StarsShip
90%
3 StarsDefender
88%
2 StarsWarrior
88%
8 StarsCatapult
83%
3 StarsArcher
81%
3 StarsIce Archer
81%
5 StarsSwordsman
81%
5 StarsMind Bender
74%
City Upgrade RewardCrab
64%
City Upgrade RewardDragon Egg
52%
City Upgrade RewardCentipede
50%
Wait 2 TurnsBaby Dragon
48%
5 StarsBattle Sled
48%
5 StarsMooni
45%
5 StarsShaman
45%
Wait 6 TurnsFire Dragon
43%
10 StarsDoomux
40%
City Upgrade RewardGaami
40%
8 StarsTridention
40%
15 StarsIce Fortress
38%
3 StarsAmphibian
36%
2 StarsPolytaur
36%
3 StarsHexapod
31%
5 StarsNavalon
26%
3 StarsPhychi
26%
8 StarsRaychi
24%
8 StarsExida
19%
3 StarsKiton
19%

Score Distribution

Percentile by Number Answered

Percent of People with Each Score

Your Score History

You have not taken this quiz